THE INDIAN CONTRACT AND SPECIFIC (Record no. 9592)

MARC details
000 -LEADER
fixed length control field 00310nam a22001457a 4500
003 - CONTROL NUMBER IDENTIFIER
control field SGT
082 ## - DEWEY DECIMAL CLASSIFICATION NUMBER
Classification number 346.20954,BHA
100 ## - MAIN ENTRY--PERSONAL NAME
Personal name BHADBHADE,N
245 ## - TITLE STATEMENT
Title THE INDIAN CONTRACT AND SPECIFIC
250 ## - EDITION STATEMENT
Edition statement 14TH
260 ## - PUBLICATION, DISTRIBUTION, ETC. (IMPRINT)
Place of publication, distribution, etc GURGAON
Name of publisher, distributor, etc LEXIS NEXIS
Year of Publication 2013
300 ## - PAGE DESCRIPTION
No. of Pages 1039
650 ## - SUBJECT ADDED ENTRY--TOPICAL TERM
Topical term or geographic name as entry element CONTRACT
942 ## - ADDED ENTRY ELEMENTS (KOHA)
Source of classification or shelving scheme Dewey Decimal Classification
Koha item type Books
Holdings
Withdrawn status Lost status Source of classification or shelving scheme Damaged status Not for loan Collection code Home library Current library Shelving location Date acquired Vendor Name Cost, normal purchase price Volume Information (Serial or Books or Non-Book Material) SGTU Bill Number Total Checkouts Full call number Accession No. (Barcode) Date last seen Bill Date Koha item type Date last borrowed
    Dewey Decimal Classification     LAW SGT Science & Social Sciences Library SGT Science & Social Sciences Library Text Book 24/04/2018 SATYAM 3295.00 II (2) SGTU 985   346.20954,BHA FL155 24/04/2018 22/02/2014 Books  
    Dewey Decimal Classification     LAW SGT Science & Social Sciences Library SGT Science & Social Sciences Library Text Book 24/04/2018 SATYAM 3295.00 II (2) SGTU 985 1 346.20954,BHA FL156 21/05/2018 22/02/2014 Books 24/04/2018